[Event "Bundesliga 9697"]
[Site "Deutschland"]
[Date "1997.??.??"]
[Round "?.8"]
[White "Mainka, Romuald"]
[Black "Wenner, Tobias"]
[Result "1-0"]
[WhiteElo "2480"]
[BlackElo "2185"]
[PlyCount "77"]
[EventDate "1996.10.??"]
[EventType "team"]
[EventRounds "15"]
[EventCountry "GER"]
[SourceTitle "Bundesliga 9697"]
[Source "DeepChess"]
[SourceDate "2005.01.01"]
[SourceVersion "1"]
[SourceVersionDate "2005.01.01"]
[SourceQuality "1"]
[WhiteTeam "SG Porz e.V."]
[BlackTeam "SC Eppingen e.V."]
[WhiteTeamCountry "GER"]
[BlackTeamCountry "GER"]

1. e4 c6 2. d4 d5 3. Nd2 dxe4 4. Nxe4 Nf6 5. Nxf6+ gxf6 6. Nf3 Bf5 7. g3 Qd5 8.
Be3 Bxc2 9. Qxc2 Qxf3 10. Rg1 e6 11. Bg2 Bb4+ 12. Kf1 Qh5 13. d5 O-O 14. Qc4
Be7 15. dxe6 fxe6 16. Qxe6+ Rf7 17. Bh3 Qb5+ 18. Kg2 Na6 19. Bf5 Raf8 20. Rgd1
Nc7 21. Qe4 Bc5 22. a4 Qb4 23. Qxb4 Bxb4 24. Bxa7 Re7 25. Rd4 Ra8 26. Rg4+ Rg7
27. Rxb4 Rxa7 28. Rd1 b5 29. Rd8+ Kf7 30. Rbd4 Nd5 31. axb5 Ne7 32. Bd3 cxb5
33. Bxb5 Rg5 34. Bc4+ Kg7 35. R4d7 Rxd7 36. Rxd7 Kf8 37. Rd8+ Kg7 38. b4 Rg4
39. f4 1-0

[Event "Bundesliga 9697"]
[Site "Deutschland"]
[Date "1996.??.??"]
[Round "?.2"]
[White "Arnold, Lothar"]
[Black "Schlosser, Philipp"]
[Result "1/2-1/2"]
[WhiteElo "2375"]
[BlackElo "2560"]
[PlyCount "118"]
[EventDate "1996.10.??"]
[EventType "team"]
[EventRounds "15"]
[EventCountry "GER"]
[SourceTitle "Bundesliga 9697"]
[Source "DeepChess"]
[SourceDate "2005.01.01"]
[SourceVersion "1"]
[SourceVersionDate "2005.01.01"]
[SourceQuality "1"]
[WhiteTeam "SC Eppingen e.V."]
[BlackTeam "SK Passau 1869"]
[WhiteTeamCountry "GER"]
[BlackTeamCountry "GER"]

1. e4 c5 2. Nf3 d6 3. d4 cxd4 4. Nxd4 Nf6 5. Nc3 a6 6. Be3 e6 7. a4 Nc6 8. Be2
Be7 9. O-O O-O 10. f4 Qc7 11. Kh1 Re8 12. Qd2 Na5 13. Qd3 b6 14. Rad1 Bb7 15.
f5 e5 16. Nb3 Rad8 17. Nd5 Bxd5 18. exd5 Ra8 19. Nd2 Nb7 20. c3 Nc5 21. Bxc5
bxc5 22. Ne4 Reb8 23. Rd2 Rb3 24. Nxf6+ Bxf6 25. Qe4 Rab8 26. Bxa6 Rxb2 27.
Rxb2 Rxb2 28. Rb1 Rxb1+ 29. Qxb1 g6 30. Bd3 Qa5 31. Qb3 Kg7 32. Be4 Bg5 33. Qc2
c4 34. g4 Bh4 35. Kg2 Be1 36. Qc1 Bxc3 37. fxg6 hxg6 38. h4 Bd4 39. h5 Qxa4 40.
hxg6 Qa2+ 41. Qc2 Qxc2+ 42. Bxc2 fxg6 43. Kf3 Kf6 44. Bb1 g5 45. Ba2 c3 46. Bb1
Bc5 47. Ke4 Ba3 48. Kd3 Bb2 49. Bc2 Ba1 50. Bb1 Ke7 51. Bc2 Kd7 52. Kc4 Kc7 53.
Kb5 Bb2 54. Bb1 Bc1 55. Bc2 Bd2 56. Bb1 Kd7 57. Kc4 Ke7 58. Kd3 Kf6 59. Ke4 Ke7
1/2-1/2

[Event "Bundesliga 9697"]
[Site "Deutschland"]
[Date "1996.??.??"]
[Round "?.4"]
[White "Mann, Christian"]
[Black "Wells, Peter K"]
[Result "1/2-1/2"]
[WhiteElo "2440"]
[BlackElo "2475"]
[PlyCount "87"]
[EventDate "1996.10.??"]
[EventType "team"]
[EventRounds "15"]
[EventCountry "GER"]
[SourceTitle "Bundesliga 9697"]
[Source "DeepChess"]
[SourceDate "2005.01.01"]
[SourceVersion "1"]
[SourceVersionDate "2005.01.01"]
[SourceQuality "1"]
[WhiteTeam "SC Eppingen e.V."]
[BlackTeam "SK Passau 1869"]
[WhiteTeamCountry "GER"]
[BlackTeamCountry "GER"]

1. e4 c5 2. c3 Nf6 3. e5 Nd5 4. d4 cxd4 5. cxd4 b6 6. Qf3 e6 7. Nc3 Bb7 8. Bc4
Bb4 9. Qg3 Ne7 10. Bd3 d6 11. Nge2 dxe5 12. dxe5 Ng6 13. O-O Nc6 14. Nf4 Qh4
15. Qxh4 Nxh4 16. Be4 Bxc3 17. bxc3 O-O-O 18. Ba3 g5 19. Nd3 Na5 20. Bxb7+ Kxb7
21. Rad1 Ng6 22. Bc1 h6 23. f4 gxf4 24. Bxf4 Kc8 25. Bg3 Rd7 26. Nf2 Nc6 27.
Rde1 h5 28. Ne4 h4 29. Nd6+ Kb8 30. Bf4 f5 31. Bg5 Ngxe5 32. Bf6 Rh6 33. Bxe5
Nxe5 34. Nxf5 exf5 35. Rxe5 Rd2 36. Rfxf5 Rg6 37. Rg5 Rf6 38. Ref5 Rxf5 39.
Rxf5 Rxa2 40. Rf4 a5 41. Rxh4 Ra1+ 42. Kf2 Ra2+ 43. Kg1 Ra1+ 44. Kf2 1/2-1/2

[Event "Bundesliga 9697"]
[Site "Deutschland"]
[Date "1996.??.??"]
[Round "?.6"]
[White "Schneider, Bernd2"]
[Black "Pichler, Juergen"]
[Result "0-1"]
[WhiteElo "2245"]
[BlackElo "2400"]
[PlyCount "58"]
[EventDate "1996.10.??"]
[EventType "team"]
[EventRounds "15"]
[EventCountry "GER"]
[SourceTitle "Bundesliga 9697"]
[Source "DeepChess"]
[SourceDate "2005.01.01"]
[SourceVersion "1"]
[SourceVersionDate "2005.01.01"]
[SourceQuality "1"]
[WhiteTeam "SC Eppingen e.V."]
[BlackTeam "SK Passau 1869"]
[WhiteTeamCountry "GER"]
[BlackTeamCountry "GER"]

1. e4 e6 2. d4 d5 3. e5 c5 4. c3 Nc6 5. Nf3 Nge7 6. Bd3 cxd4 7. cxd4 Nb4 8. Bf1
Nf5 9. g4 Nh4 10. Nxh4 Qxh4 11. a3 Nc6 12. Be3 f6 13. Nd2 Bd7 14. Rg1 fxe5 15.
Nf3 Qf6 16. Bg5 Qf7 17. dxe5 Bc5 18. Rg2 O-O 19. Be2 Bb6 20. Bd2 Qe7 21. Bd3 g6
22. Bg5 Qg7 23. Bf6 Rxf6 24. exf6 Qxf6 25. Qe2 Rf8 26. Rg3 e5 27. Bc2 e4 28.
Bb3 Be6 29. Qd2 Ba5 0-1

[Event "Bundesliga 9697"]
[Site "Deutschland"]
[Date "1996.??.??"]
[Round "?.7"]
[White "Klebel, Martin"]
[Black "Reinhardt, Bernd"]
[Result "1-0"]
[WhiteElo "2410"]
[BlackElo "2270"]
[PlyCount "69"]
[EventDate "1996.10.??"]
[EventType "team"]
[EventRounds "15"]
[EventCountry "GER"]
[SourceTitle "Bundesliga 9697"]
[Source "DeepChess"]
[SourceDate "2005.01.01"]
[SourceVersion "1"]
[SourceVersionDate "2005.01.01"]
[SourceQuality "1"]
[WhiteTeam "SK Passau 1869"]
[BlackTeam "SC Eppingen e.V."]
[WhiteTeamCountry "GER"]
[BlackTeamCountry "GER"]

1. d4 Nf6 2. Nf3 d6 3. g3 g6 4. Bg2 Bg7 5. O-O O-O 6. b3 c5 7. Bb2 Na6 8. c4
Bg4 9. Nc3 Qd7 10. Qd2 Rfd8 11. Rfd1 Rab8 12. Rac1 Nc7 13. dxc5 Bxf3 14. Bxf3
Qh3 15. Bg2 Qh5 16. cxd6 Rxd6 17. Qc2 Ra6 18. Ra1 Re6 19. e3 b5 20. Nd5 Ncxd5
21. cxd5 Reb6 22. h3 Ne8 23. Rac1 Qg5 24. h4 Qg4 25. Bd4 Bxd4 26. Rxd4 Qd7 27.
Kh2 Rf6 28. Qd2 Nd6 29. e4 Ne8 30. e5 Ra6 31. Rc6 Rxc6 32. dxc6 Qc7 33. f4 Kf8
34. Rd7 Qb6 35. Qb4 1-0

[Event "Bundesliga 9697"]
[Site "Deutschland"]
[Date "1996.??.??"]
[Round "?.8"]
[White "Dudek, Richard"]
[Black "Gross, David2"]
[Result "1/2-1/2"]
[WhiteElo "2305"]
[BlackElo "2335"]
[PlyCount "77"]
[EventDate "1996.10.??"]
[EventType "team"]
[EventRounds "15"]
[EventCountry "GER"]
[SourceTitle "Bundesliga 9697"]
[Source "DeepChess"]
[SourceDate "2005.01.01"]
[SourceVersion "1"]
[SourceVersionDate "2005.01.01"]
[SourceQuality "1"]
[WhiteTeam "SC Eppingen e.V."]
[BlackTeam "SK Passau 1869"]
[WhiteTeamCountry "GER"]
[BlackTeamCountry "GER"]

1. e4 c5 2. Nc3 Nc6 3. g3 g6 4. Bg2 Bg7 5. d3 d6 6. f4 e6 7. Nf3 Nge7 8. O-O
O-O 9. Be3 Nd4 10. Rb1 b6 11. Ne2 Nxf3+ 12. Bxf3 Bb7 13. c3 Qd7 14. g4 f5 15.
Ng3 Kh8 16. Qd2 d5 17. gxf5 gxf5 18. exf5 Nxf5 19. Nxf5 Rxf5 20. d4 cxd4 21.
Bxd4 Bxd4+ 22. Qxd4+ Qg7+ 23. Qxg7+ Kxg7 24. Bg4 Rf6 25. h3 Raf8 26. Rbe1 Bc8
27. Kg2 h5 28. Bxh5 Rxf4 29. Rxf4 Rxf4 30. Kg3 Rf6 31. Bg4 Rg6 32. Kf4 Kf6 33.
Re5 Bd7 34. Rh5 e5+ 35. Rxe5 Bxg4 36. hxg4 Rxg4+ 37. Kxg4 Kxe5 38. Kf3 d4 39.
cxd4+ 1/2-1/2

[Event "Bundesliga 9697"]
[Site "Deutschland"]
[Date "1996.??.??"]
[Round "?.1"]
[White "Gyimesi, Zoltan"]
[Black "Van der Sterren, Paul"]
[Result "1/2-1/2"]
[WhiteElo "2480"]
[BlackElo "2510"]
[PlyCount "111"]
[EventDate "1996.10.??"]
[EventType "team"]
[EventRounds "15"]
[EventCountry "GER"]
[SourceTitle "Bundesliga 9697"]
[Source "DeepChess"]
[SourceDate "2005.01.01"]
[SourceVersion "1"]
[SourceVersionDate "2005.01.01"]
[SourceQuality "1"]
[WhiteTeam "SC Eppingen e.V."]
[BlackTeam "SV Castrop Rauxel 1923"]
[WhiteTeamCountry "GER"]
[BlackTeamCountry "GER"]

1. d4 Nf6 2. c4 e6 3. Nc3 Bb4 4. e3 O-O 5. Nge2 d5 6. a3 Be7 7. cxd5 Nxd5 8. g3
Nxc3 9. Nxc3 c5 10. d5 exd5 11. Nxd5 Nc6 12. Bg2 Be6 13. O-O Qd7 14. Qh5 Bd6
15. h3 f6 16. Rd1 Rad8 17. Bd2 Qf7 18. Qxf7+ Kxf7 19. Bc3 Ne7 20. Nxe7 Bxe7 21.
Bxb7 Bxh3 22. f3 Be6 23. Kf2 f5 24. e4 fxe4 25. Bxe4 h5 26. Rh1 Rh8 27. Rae1
Rh6 28. Rd1 Bb3 29. Rxd8 Bxd8 30. Bd2 Rh8 31. Be3 Be7 32. g4 h4 33. f4 g6 34.
Rc1 Rc8 35. f5 gxf5 36. Bxf5 Be6 37. b4 Bxf5 38. gxf5 Kf6 39. bxc5 Kxf5 40. c6
a6 41. a4 Bd6 42. Bb6 h3 43. Kg1 Ke6 44. Kh1 Kd5 45. c7 Ke6 46. Rc3 h2 47. a5
Kd7 48. Rc1 Re8 49. Rd1 Kc6 50. Rc1+ Kb7 51. Rb1 Kc8 52. Rd1 Re6 53. Rc1 Re7
54. Rd1 Rd7 55. Re1 Bxc7 56. Rc1 1/2-1/2

[Event "Bundesliga 9697"]
[Site "Deutschland"]
[Date "1996.??.??"]
[Round "?.3"]
[White "Arnold, Lothar"]
[Black "Watson, William N"]
[Result "1/2-1/2"]
[WhiteElo "2375"]
[BlackElo "2540"]
[PlyCount "83"]
[EventDate "1996.10.??"]
[EventType "team"]
[EventRounds "15"]
[EventCountry "GER"]
[SourceTitle "Bundesliga 9697"]
[Source "DeepChess"]
[SourceDate "2005.01.01"]
[SourceVersion "1"]
[SourceVersionDate "2005.01.01"]
[SourceQuality "1"]
[WhiteTeam "SC Eppingen e.V."]
[BlackTeam "SV Castrop Rauxel 1923"]
[WhiteTeamCountry "GER"]
[BlackTeamCountry "GER"]

1. e4 g6 2. d4 d6 3. Nc3 Bg7 4. Nf3 Nf6 5. Be2 c5 6. O-O cxd4 7. Nxd4 O-O 8.
Bg5 Nc6 9. Nb3 Be6 10. Kh1 Na5 11. f4 Nc4 12. f5 Nxb2 13. Qe1 Bd7 14. Qh4 Na4
15. Nxa4 Bxa4 16. Rf3 Bxb3 17. axb3 Qb6 18. Raf1 Qd4 19. Bc4 b5 20. fxg6 hxg6
21. Rh3 Qxe4 22. Rf4 Qxf4 23. Bxf4 bxc4 24. Bh6 Nd7 25. Bg5 f6 26. Qxc4+ Rf7
27. Bh6 Bxh6 28. Rxh6 Ne5 29. Qh4 Rff8 30. Rh8+ Kf7 31. Rxf8+ Rxf8 32. Qd4 Rc8
33. c3 Rc5 34. h3 Ke6 35. Kh2 a5 36. c4 Kd7 37. Qe4 Ke6 38. Qa8 Kf7 39. Kg3 Ke6
40. Qa7 Kf7 41. Qb8 g5 42. Qa8 1/2-1/2

[Event "Bundesliga 9697"]
[Site "Deutschland"]
[Date "1996.??.??"]
[Round "?.5"]
[White "Mann, Christian"]
[Black "Libeau, Rene"]
[Result "0-1"]
[WhiteElo "2440"]
[BlackElo "2450"]
[PlyCount "68"]
[EventDate "1996.10.??"]
[EventType "team"]
[EventRounds "15"]
[EventCountry "GER"]
[SourceTitle "Bundesliga 9697"]
[Source "DeepChess"]
[SourceDate "2005.01.01"]
[SourceVersion "1"]
[SourceVersionDate "2005.01.01"]
[SourceQuality "1"]
[WhiteTeam "SC Eppingen e.V."]
[BlackTeam "SV Castrop Rauxel 1923"]
[WhiteTeamCountry "GER"]
[BlackTeamCountry "GER"]

1. e4 e6 2. d4 d5 3. Nd2 Nf6 4. e5 Nfd7 5. Bd3 c5 6. c3 Nc6 7. Ne2 cxd4 8. cxd4
f6 9. exf6 Qxf6 10. Nf3 h6 11. O-O Bd6 12. Nc3 O-O 13. a3 Rd8 14. Be3 Nf8 15.
Rc1 Bd7 16. Kh1 Ng6 17. Bb1 Rf8 18. Ne2 Nce7 19. Ng3 Nf5 20. Re1 Ngh4 21. Nxf5
Nxf5 22. Ne5 Bxe5 23. dxe5 Nxe3 24. Rxe3 Qxf2 25. Qd3 Rf5 26. Rf3 Qxb2 27. Rxf5
exf5 28. Qxd5+ Kh8 29. Rg1 Bc6 30. Qd1 Qxe5 31. Re1 Qa5 32. Rf1 Rd8 33. Qh5 Rd2
34. Rg1 Rxg2 0-1

[Event "Bundesliga 9697"]
[Site "Deutschland"]
[Date "1996.??.??"]
[Round "?.6"]
[White "Dinstuhl, Volkmar"]
[Black "Schneider, Bernd2"]
[Result "1-0"]
[WhiteElo "2405"]
[BlackElo "2245"]
[PlyCount "93"]
[EventDate "1996.10.??"]
[EventType "team"]
[EventRounds "15"]
[EventCountry "GER"]
[SourceTitle "Bundesliga 9697"]
[Source "DeepChess"]
[SourceDate "2005.01.01"]
[SourceVersion "1"]
[SourceVersionDate "2005.01.01"]
[SourceQuality "1"]
[WhiteTeam "SV Castrop Rauxel 1923"]
[BlackTeam "SC Eppingen e.V."]
[WhiteTeamCountry "GER"]
[BlackTeamCountry "GER"]

1. c4 g6 2. Nc3 Bg7 3. d4 d6 4. e4 Nf6 5. f3 O-O 6. Nge2 Nc6 7. Bg5 a6 8. Qd2
Rb8 9. Rc1 e5 10. d5 Ne7 11. Ng3 c5 12. dxc6 bxc6 13. Rd1 Be6 14. Be2 Qa5 15.
b3 Rfd8 16. O-O Kh8 17. Na4 Qc7 18. c5 d5 19. Qe1 Ra8 20. Bd2 Rg8 21. Ba5 Qb8
22. Bd3 Nd7 23. Qe2 f5 24. exf5 Nxf5 25. Bxf5 gxf5 26. Nh5 Qb5 27. Qe1 Bh6 28.
Bc3 d4 29. Rxd4 Bd5 30. Rb4 Qd3 31. Bxe5+ Nxe5 32. Qxe5+ Bg7 33. Nxg7 Rxg7 34.
Rb7 Rag8 35. Nc3 Qc2 36. g3 f4 37. g4 a5 38. h4 h6 39. Rxg7 Rxg7 40. Rf2 Qc1+
41. Kg2 Qe3 42. Qf6 Kg8 43. Nxd5 Rxg4+ 44. fxg4 Qg3+ 45. Kh1 Qh3+ 46. Kg1 Qg3+
47. Rg2 1-0

[Event "Bundesliga 9697"]
[Site "Deutschland"]
[Date "1996.??.??"]
[Round "?.7"]
[White "Reinhardt, Bernd"]
[Black "Brendel, Oliver"]
[Result "1/2-1/2"]
[WhiteElo "2270"]
[BlackElo "2420"]
[PlyCount "68"]
[EventDate "1996.10.??"]
[EventType "team"]
[EventRounds "15"]
[EventCountry "GER"]
[SourceTitle "Bundesliga 9697"]
[Source "DeepChess"]
[SourceDate "2005.01.01"]
[SourceVersion "1"]
[SourceVersionDate "2005.01.01"]
[SourceQuality "1"]
[WhiteTeam "SC Eppingen e.V."]
[BlackTeam "SV Castrop Rauxel 1923"]
[WhiteTeamCountry "GER"]
[BlackTeamCountry "GER"]

1. d4 Nf6 2. Nf3 g6 3. Bf4 Bg7 4. e3 O-O 5. Be2 d6 6. h3 c5 7. c3 Nbd7 8. O-O
b6 9. Nbd2 Bb7 10. Bh2 Rc8 11. a4 a6 12. Re1 Rc7 13. Bf1 Qa8 14. Qb1 Ne4 15.
Qd1 Nef6 16. Qe2 Rfc8 17. Bg3 Nf8 18. Ng5 h6 19. Ngf3 Ne6 20. Nh4 Kh7 21. Bh2
Nf8 22. Qd3 Kg8 23. Qc2 Ne4 24. Nxe4 Bxe4 25. Qe2 Bb7 26. Bg3 Nh7 27. Nf3 Nf6
28. Nd2 Nd7 29. f3 Nf6 30. Kh1 Nh5 31. Bh2 Nf6 32. Qd3 Nd7 33. Qe2 Nf6 34. Qd3
Nd7 1/2-1/2

[Event "Bundesliga 9697"]
[Site "Deutschland"]
[Date "1996.??.??"]
[Round "?.8"]
[White "Sehner, Norbert"]
[Black "Dudek, Richard"]
[Result "1/2-1/2"]
[WhiteElo "2390"]
[BlackElo "2305"]
[PlyCount "39"]
[EventDate "1996.10.??"]
[EventType "team"]
[EventRounds "15"]
[EventCountry "GER"]
[SourceTitle "Bundesliga 9697"]
[Source "DeepChess"]
[SourceDate "2005.01.01"]
[SourceVersion "1"]
[SourceVersionDate "2005.01.01"]
[SourceQuality "1"]
[WhiteTeam "SV Castrop Rauxel 1923"]
[BlackTeam "SC Eppingen e.V."]
[WhiteTeamCountry "GER"]
[BlackTeamCountry "GER"]

1. c4 Nf6 2. g3 e6 3. Bg2 d5 4. Nf3 Be7 5. O-O O-O 6. d4 b6 7. cxd5 exd5 8. Qc2
Bb7 9. Nc3 c5 10. Rd1 c4 11. Ne5 Nc6 12. Bg5 Na5 13. Qf5 g6 14. Qf3 Ne4 15. Bh6
f6 16. Bxf8 Qxf8 17. Ng4 h5 18. Ne3 Ng5 19. Qf4 Ne6 20. Qf3 1/2-1/2

[Event "Bundesliga 9697"]
[Site "Deutschland"]
[Date "1996.??.??"]
[Round "?.2"]
[White "Arnold, Lothar"]
[Black "Lobron, Eric"]
[Result "1/2-1/2"]
[WhiteElo "2375"]
[BlackElo "2585"]
[PlyCount "81"]
[EventDate "1996.10.??"]
[EventType "team"]
[EventRounds "15"]
[EventCountry "GER"]
[SourceTitle "Bundesliga 9697"]
[Source "DeepChess"]
[SourceDate "2005.01.01"]
[SourceVersion "1"]
[SourceVersionDate "2005.01.01"]
[SourceQuality "1"]
[WhiteTeam "SC Eppingen e.V."]
[BlackTeam "SV Empor Berlin e.V."]
[WhiteTeamCountry "GER"]
[BlackTeamCountry "GER"]

1. e4 c5 2. Nf3 Nc6 3. d4 cxd4 4. Nxd4 e5 5. Nb5 d6 6. c4 Be7 7. Be2 Be6 8. O-O
Nf6 9. N1c3 a6 10. Na3 O-O 11. Be3 Rc8 12. Rc1 h6 13. Qd2 Ng4 14. Bxg4 Bxg4 15.
f3 Be6 16. Rfd1 Bg5 17. Bxg5 hxg5 18. Kh1 Nd4 19. Ne2 Nxe2 20. Qxe2 Rc6 21. Rc3
Qb6 22. Rcd3 Rfc8 23. h3 Qc5 24. Qd2 Bxc4 25. b4 Qb6 26. Nxc4 Rxc4 27. Rxd6
Qxb4 28. Qxg5 Rd4 29. Qxe5 Rxd6 30. Qxd6 Qxd6 31. Rxd6 Rc2 32. Rb6 Rxa2 33.
Rxb7 g5 34. Kh2 Kg7 35. Rb6 a5 36. Kg3 a4 37. Ra6 a3 38. e5 Kh7 39. e6 fxe6 40.
Rxe6 Rb2 41. Ra6 1/2-1/2

[Event "Bundesliga 9697"]
[Site "Deutschland"]
[Date "1996.??.??"]
[Round "?.3"]
[White "Hickl, Joerg"]
[Black "Miltner, Arndt"]
[Result "1-0"]
[WhiteElo "2600"]
[BlackElo "2330"]
[PlyCount "85"]
[EventDate "1996.10.??"]
[EventType "team"]
[EventRounds "15"]
[EventCountry "GER"]
[SourceTitle "Bundesliga 9697"]
[Source "DeepChess"]
[SourceDate "2005.01.01"]
[SourceVersion "1"]
[SourceVersionDate "2005.01.01"]
[SourceQuality "1"]
[WhiteTeam "SV Empor Berlin e.V."]
[BlackTeam "SC Eppingen e.V."]
[WhiteTeamCountry "GER"]
[BlackTeamCountry "GER"]

1. g3 d5 2. Bg2 e5 3. d3 Be6 4. Nf3 f6 5. O-O Qd7 6. c3 c5 7. a3 Nc6 8. b4 d4
9. bxc5 Bxc5 10. Bb2 Nge7 11. Nbd2 O-O 12. Nb3 Bb6 13. c4 Rfc8 14. Nfd2 Rab8
15. a4 Na5 16. Ba3 Nec6 17. Ne4 Nxb3 18. Qxb3 Na5 19. Qb5 Qxb5 20. axb5 Bc7 21.
Bb4 b6 22. Bxa5 bxa5 23. Nc5 Bg4 24. Bd5+ Kh8 25. f3 Bh3 26. Rfb1 Bb6 27. Na6
h5 28. Rb2 Rd8 29. Nxb8 Rxb8 30. Rba2 Rc8 31. Bf7 Kh7 32. Bxh5 Be6 33. Rxa5
Bxc4 34. Bg4 Rc7 35. dxc4 d3+ 36. Kg2 Bxa5 37. Rxa5 d2 38. Ra1 Rxc4 39. Rd1 Rb4
40. Bd7 Rb2 41. Kf2 Ra2 42. Bf5+ g6 43. Bd3 1-0

[Event "Bundesliga 9697"]
[Site "Deutschland"]
[Date "1996.??.??"]
[Round "?.4"]
[White "Mann, Christian"]
[Black "Boensch, Uwe"]
[Result "0-1"]
[WhiteElo "2440"]
[BlackElo "2525"]
[PlyCount "146"]
[EventDate "1996.10.??"]
[EventType "team"]
[EventRounds "15"]
[EventCountry "GER"]
[SourceTitle "Bundesliga 9697"]
[Source "DeepChess"]
[SourceDate "2005.01.01"]
[SourceVersion "1"]
[SourceVersionDate "2005.01.01"]
[SourceQuality "1"]
[WhiteTeam "SC Eppingen e.V."]
[BlackTeam "SV Empor Berlin e.V."]
[WhiteTeamCountry "GER"]
[BlackTeamCountry "GER"]

1. e4 c5 2. c3 d5 3. exd5 Qxd5 4. d4 Nf6 5. Nf3 Bg4 6. Qa4+ Bd7 7. Qb3 e6 8.
Bc4 Qc6 9. O-O cxd4 10. Nxd4 Qc7 11. Re1 Be7 12. Nd2 Nc6 13. Nxc6 Bxc6 14. Bb5
O-O 15. Bxc6 Qxc6 16. Nf3 Rfd8 17. Bg5 h6 18. Bh4 Rd5 19. Rad1 Rad8 20. Rd4
Rxd4 21. Nxd4 Qd7 22. Nf3 a6 23. Re2 Qd3 24. Re3 Qf5 25. Re5 Qh7 26. Re1 b5 27.
Rd1 g5 28. Bg3 Qe4 29. Rxd8+ Bxd8 30. Qd1 Nd5 31. h3 Bb6 32. Be5 f5 33. Bd4 Bc7
34. Nd2 Qh4 35. Qe1 Kf7 36. Nf3 Qe4 37. Qxe4 fxe4 38. Nd2 e5 39. Bc5 Nf6 40.
Kf1 h5 41. Be3 Kg6 42. c4 Kf5 43. b3 b4 44. Bc5 a5 45. Ba7 g4 46. h4 Nd7 47.
Ke2 Bd8 48. c5 Ke6 49. c6 Nf6 50. Bb8 Nd5 51. Nxe4 Bxh4 52. Nc5+ Kf5 53. Nb7
Be7 54. Nxa5 Ke6 55. Nc4 e4 56. g3 Bc5 57. Be5 Ne7 58. c7 Kd7 59. Bf4 Nd5 60.
Be5 Nc3+ 61. Kd2 Bxf2 62. a4 Nd5 63. Nd6 e3+ 64. Ke2 Nxc7 65. Ne4 Ne6 66. Nxf2
exf2 67. Kxf2 Nc5 68. Ke3 Nxb3 69. Bh8 Kc6 70. Kf4 Kd5 71. Kg5 Ke4 72. Kxh5 Kf3
73. Bf6 Na5 0-1

[Event "Bundesliga 9697"]
[Site "Deutschland"]
[Date "1996.??.??"]
[Round "?.6"]
[White "Schneider, Bernd2"]
[Black "Luther, Thomas"]
[Result "0-1"]
[WhiteElo "2245"]
[BlackElo "2495"]
[PlyCount "104"]
[EventDate "1996.10.??"]
[EventType "team"]
[EventRounds "15"]
[EventCountry "GER"]
[SourceTitle "Bundesliga 9697"]
[Source "DeepChess"]
[SourceDate "2005.01.01"]
[SourceVersion "1"]
[SourceVersionDate "2005.01.01"]
[SourceQuality "1"]
[WhiteTeam "SC Eppingen e.V."]
[BlackTeam "SV Empor Berlin e.V."]
[WhiteTeamCountry "GER"]
[BlackTeamCountry "GER"]

1. e4 e6 2. d4 d5 3. exd5 exd5 4. Bd3 Nc6 5. c3 Bd6 6. Ne2 Qh4 7. g3 Qf6 8. O-O
Bh3 9. Re1 O-O-O 10. Nf4 Bxf4 11. Bxf4 g5 12. Qh5 gxf4 13. Qxh3+ Kb8 14. Qf5
fxg3 15. fxg3 Qg7 16. Nd2 Nge7 17. Qh5 f5 18. Kh1 Rd6 19. Nf3 Rg8 20. Ne5 Rh6
21. Nxc6+ bxc6 22. Qf3 Qxg3 23. Qxg3 Rxg3 24. Ba6 Rg7 25. b4 c5 26. b5 cxd4 27.
cxd4 Rh4 28. Rg1 Rg6 29. Rad1 Re4 30. Rd3 Rxg1+ 31. Kxg1 c6 32. bxc6 Nxc6 33.
Rb3+ Kc7 34. Rb7+ Kd6 35. Rxh7 Rxd4 36. Bb5 Rd1+ 37. Kg2 Nd4 38. a4 a5 39. Be8
Ke5 40. h4 Kf4 41. Re7 Rd2+ 42. Kf1 Rh2 43. h5 Kf3 44. Ke1 Nc2+ 45. Kd1 Ne3+
46. Kc1 f4 47. Ra7 Ke4 48. Re7+ Kd4 49. Rf7 Kc3 50. Rc7+ Nc4 51. Kd1 f3 52. Ke1
Re2+ 0-1

[Event "Bundesliga 9697"]
[Site "Deutschland"]
[Date "1996.??.??"]
[Round "?.7"]
[White "Volke, Karsten"]
[Black "Reinhardt, Bernd"]
[Result "1/2-1/2"]
[WhiteElo "2475"]
[BlackElo "2270"]
[PlyCount "142"]
[EventDate "1996.10.??"]
[EventType "team"]
[EventRounds "15"]
[EventCountry "GER"]
[SourceTitle "Bundesliga 9697"]
[Source "DeepChess"]
[SourceDate "2005.01.01"]
[SourceVersion "1"]
[SourceVersionDate "2005.01.01"]
[SourceQuality "1"]
[WhiteTeam "SV Empor Berlin e.V."]
[BlackTeam "SC Eppingen e.V."]
[WhiteTeamCountry "GER"]
[BlackTeamCountry "GER"]

1. d4 Nc6 2. c4 e5 3. d5 Nb8 4. Nf3 d6 5. e4 Nf6 6. Nc3 Be7 7. Bd3 O-O 8. h3 c5
9. a3 Na6 10. O-O Ne8 11. Rb1 g6 12. Bh6 Ng7 13. b4 b6 14. Bc2 Bd7 15. Ba4 Rc8
16. Nd2 f5 17. Nb5 Bxb5 18. Bxb5 Nc7 19. bxc5 Nxb5 20. Rxb5 Rxc5 21. Rxc5 bxc5
22. exf5 gxf5 23. Qa4 Bg5 24. Bxg7 Kxg7 25. Nf3 Rf7 26. Rb1 e4 27. Nxg5 Qxg5
28. Qe8 Re7 29. Qd8 e3 30. fxe3 Qxe3+ 31. Kh1 Qe5 32. Rf1 Kg6 33. a4 Rf7 34. a5
a6 35. Qh4 h6 36. Re1 Qc3 37. Re8 Rf6 38. Kh2 Kg7 39. Qg3+ Qxg3+ 40. Kxg3 Kf7
41. Ra8 Rg6+ 42. Kf3 Kf6 43. Rxa6 Ke5 44. Rb6 f4 45. Rb8 Rg3+ 46. Kf2 Ra3 47.
Rh8 Rxa5 48. Rxh6 Ra2+ 49. Kf3 Ra3+ 50. Kf2 Ra2+ 51. Kg1 Ra1+ 52. Kh2 Ra6 53.
h4 Kd4 54. Rf6 Kxc4 55. Rxf4+ Kxd5 56. h5 c4 57. h6 c3 58. g4 Ra2+ 59. Kg3 Ra1
60. Rf5+ Ke6 61. h7 Rh1 62. Rh5 Rxh5 63. gxh5 c2 64. h8=Q c1=Q 65. Qe8+ Kf6 66.
Qg6+ Ke7 67. Qe4+ Kf7 68. Qg6+ Ke7 69. Qg7+ Ke6 70. Qg6+ Ke7 71. Qe4+ Kf7
1/2-1/2

[Event "Bundesliga 9697"]
[Site "Deutschland"]
[Date "1996.??.??"]
[Round "?.8"]
[White "Staiger, Frank"]
[Black "Poldauf, Dirk"]
[Result "1-0"]
[WhiteElo "2290"]
[BlackElo "2470"]
[PlyCount "89"]
[EventDate "1996.10.??"]
[EventType "team"]
[EventRounds "15"]
[EventCountry "GER"]
[SourceTitle "Bundesliga 9697"]
[Source "DeepChess"]
[SourceDate "2005.01.01"]
[SourceVersion "1"]
[SourceVersionDate "2005.01.01"]
[SourceQuality "1"]
[WhiteTeam "SC Eppingen e.V."]
[BlackTeam "SV Empor Berlin e.V."]
[WhiteTeamCountry "GER"]
[BlackTeamCountry "GER"]

1. d4 Nf6 2. Nf3 g6 3. e3 Bg7 4. Be2 O-O 5. O-O d6 6. c4 Nbd7 7. Qc2 e5 8. Rd1
Re8 9. Nc3 c6 10. b3 e4 11. Nd2 Qe7 12. a4 Nf8 13. Ba3 h5 14. b4 h4 15. b5 N8h7
16. a5 a6 17. bxc6 bxc6 18. Rdb1 Ng5 19. Rb6 h3 20. g3 Qd7 21. Qa4 Qf5 22. Qxc6
Bd7 23. Qxd6 Nf3+ 24. Bxf3 exf3 25. e4 Qxa5 26. Bb2 Qg5 27. Qf4 Qxf4 28. gxf4
Bg4 29. Raxa6 Rxa6 30. Rxa6 Rb8 31. Ra2 Nh5 32. Nd5 Bh6 33. Nf1 Bxf4 34. Nfe3
Be6 35. Ne7+ Kf8 36. Nc6 Rb3 37. d5 Bd7 38. Nd4 Rd3 39. Nxf3 Bxe3 40. fxe3 Rxe3
41. Ng5 Nf4 42. Bf6 Re1+ 43. Kf2 Nd3+ 44. Kf3 Rf1+ 45. Ke3 1-0